00639nam a2200217Ia 4500003000900000008004100009020001800050040001600068080001600084245010200100260004300202300001500245650001600260650001400276650002500290650001800315650001700333700002500350700002500375700002100400IN-BaIIA211028s9999 xx 000 0 eng d a3-9804862-3-0 cIIA Library a523.31bTHE 4aThe Outer heliospherebbeyond the planetscedited by K. Scherer, Horst Fichtner and Eckart Marsch aGermanybCopernicus Gesellschaftc2000 axii, 436p. aCosmic rays aDetectors aInterplanetary space aNeutral atoms aSolar system aFichtner, Horst, ed. aMarsch, Eckart., ed. aScherer, K., ed.